000 00986pam a2200313 a 4500
999 _c6091
_d6091
001 015700561
003 Uk
005 20260206114038.0
008 101116r20111961enk |000 1|eng d
015 _aGBB0D8989
_2bnb
020 _a9780099528494 (pbk.)
040 _aStDuBDS
_beng
_cStDuBDS
_dUk
_dKH8
041 1 _aeng
_hfre
042 _aukblsr
082 _aFIC VER
100 1 _aVerne, Jules,
_d1828-1905,
_eauthor.
240 1 0 _aVoyage au centre de la terre.
_lEnglish
245 1 0 _aJourney to the centre of the Earth /
_cJules Verne ; translated from the French by Joyce Gasrd.
260 _aLondon :
_bVintage Classic,
_c2011.
300 _a183 p. ;
_c20 cm.
336 _atext
_2rdacontent
337 _aunmediated
_2rdamedia
338 _avolume
_2rdacarrier
490 0 _aVintage classics
500 _aThis translation originally published: London : Hutchinson Educational, 1961.
500 _aFormerly CIP.
_5Uk
655 0 _aAdventure stories.
942 _2ddc
_cFIC